Relaciones públicas 2.0 y su influencia en la comunicación corporativa : análisis de las herramientas digitales en la labor del relacionista público /

Na minha lista:
Detalhes bibliográficos
Autor principal: García Valencia, Gesabell Vanessa (autor)
Formato: Livro
Idioma:espanhol
Publicado em: Isla Mauricio : Editorial Académica Española, 2020, c2020
Assuntos:
Tags: Adicionar Tag
Sem tags, seja o primeiro a adicionar uma tag!

MARC

LEADER 00000nam^a2200000^a^4500
001 000578197
005 20250521000000.0
009 20260310132504.198
020 |a 978-620-2-81080-7 
037 |a Acervo ITESO - Biblioteca 
041 |a ESP 
082 |a 659. 2  |b GAR 
100 |a García Valencia, Gesabell Vanessa  |e (autor) 
245 1 0 |a Relaciones públicas 2.0 y su influencia en la comunicación corporativa :  |b análisis de las herramientas digitales en la labor del relacionista público /  |c G.V. García Valencia. 
264 4 |a Isla Mauricio :  |b Editorial Académica Española,  |c 2020, c2020 
300 |a 52 p. 
336 |a texto  |b txt  |2 rdacontenido 
337 |a sin mediación  |b n  |2 rdamedio 
338 |a volumen  |b nc  |2 rdasoporte 
521 |a 2024 BO Licenciatura en Ingeniería Financiera 
521 |a 2024 BO Licenciatura en Traducción e Interpretación 
649 |a XX 
650 |a Ministerio Público -  |z Ancash, Perú -  |x Administración -  |x Tema Principal 
650 |a Ministerio Público -  |z Ancash, Perú -  |x Historia -  |y 2016-2021 
650 |a Ministerio Público -  |z Ancash, Perú -  |x Historia -  |y Siglo XXI 
650 |a Ministerio Público -  |z Perú -  |x Administración 
650 |a Ministerio Público -  |z Perú -  |x Historia -  |y 2016-2021 
650 |a Ministerio Público -  |z Perú -  |x Historia -  |y Siglo XXI 
650 |a Instituciones Jurídicas -  |z Perú -  |x Administración 
650 |a Instituciones Jurídicas -  |z Perú -  |x Historia -  |y 2016-2021 
650 |a Instituciones Jurídicas -  |z Perú -  |x Historia -  |y Siglo XXI 
650 |a Redes Sociales (Internet) -  |x Administración -  |x Tema Principal 
650 |a Relaciones Públicas 
650 |a Comunicación Organizacional -  |x Tema Principal 
650 |a Administración Pública -  |z Perú -  |x Historia -  |y 2016-2021 
650 |a Administración Pública -  |z Perú -  |x Historia -  |y Siglo XXI 
650 |a Ciencias Administrativas 
910 |a Fondo General 
920 |a Impresos - Libros 
930 |a Colección General 
905 |a 101 
901 |a 0500406905  |b IT1  |c ACC  |i C185347  |u 20250521 
902 |a https://opac.biblio.iteso.mx/vufind/Record/000578197